| 000 | 00490nam a2200181Ia 4500 | ||
|---|---|---|---|
| 003 | OSt | ||
| 005 | 20240810115420.0 | ||
| 008 | 210210b1953 xxu||||| |||| 00| 0 eng d | ||
| 040 | _cAL | ||
| 041 | _akan | ||
| 082 | _a859/1830 | ||
| 100 |
_aSHANKARANARAYANA BHATTA (M) _9156584 _d ಶಂಕರನಾರಾಯಣ ಭಟ್ಟ (ಎಂ) |
||
| 245 |
_aBhishma: _bಭೀಷ್ಮ |
||
| 260 |
_aMangaluru _b- _c1953 |
||
| 690 |
_aKannada Fiction _9156585 |
||
| 906 | _a022548 | ||
| 942 |
_2ddc _cBK |
||
| 999 |
_c146960 _d146960 |
||